000 00805cam a22002413a 4500
001 13791
003 PGUSA
005 20140828083309.0
008 041019s2004||||xxu|||||s|||||000 | eng d
040 _aPGUSA
_beng
042 _adc
050 4 _aBF
100 1 _aHilton, Warren,
_d1874-1958
245 1 0 _aPsychology and Achievement :
_bBeing the First of a Series of Twelve Volumes on the Applications of Psychology to the Problems of Personal and Business Efficiency
_h[electronic resource] /
_cWarren Hilton
260 _bProject Gutenberg,
_c2004
506 _aPublic domain in the USA.
516 _aElectronic text
653 _aPsychology, Applied
653 _aAchievement motivation
830 0 _aProject Gutenberg
_v13791
856 4 0 _uhttp://www.gutenberg.org/ebooks/13791
942 _cEB
999 _c243046
_d243046